00514nam a2200157 a 450000100100000000500170001000800410002702000150006804000250008308200130010810000210012124500980014226000320024030000210027250000630029300004208620201002035930.0131113s2005 dr a 000 0 spa d a097719650x aDO-SdBNPbspacBNPHU axxxbxxx1 aPolanco, Román10aSuperaprendizaje :. :bpara aprender a estudiar, oir, escuchar y analizar /cRomán Polanco. aNew York, :b[s.d.],c2005. a144 p. ;c22 cm. aIncluye datos biografícos del autor en la contraportada.